=LDR 00000nam 2200000 4500 =001 NUTBA000000000005390 =005 20141029095617.0 =006 =007 =008 =020 ##$$a 978-979-29-1588-4 =035 ##$$a 0010-101400000000620 =040 ##$$a NBPDMAT =090 ##$$a 620.004 202 85 $b Pas p =245 ##$$a PAS autocad 2010 untuk kontruksi infratruktur transfortasi/ $c Editor, Westriningsih =260 ##$$a Semarang : $b Wahana Komputer, $c 2010 =300 ##$$a 265 hlm. ; $c 23 cm. =650 ##$$a Komputer, Desain - Autocad 2010 =700 ##$$a Westriningsih =850 ##$$a NBPDMAT